|
|
|
|
| LEADER |
00000nam0a2200000 4500 |
| 001 |
207175 |
| 005 |
20231031190915.0 |
| 010 |
|
|
|a 9785170723454
|
| 010 |
|
|
|a 978-5-9725-1970-5
|
| 035 |
|
|
|a (RuTPU)RU\TPU\book\225953
|
| 090 |
|
|
|a 207175
|
| 100 |
|
|
|a 20120123d2011 m y0rusy50 ca
|
| 101 |
0 |
|
|a rus
|
| 102 |
|
|
|a RU
|
| 105 |
|
|
|a y z 000ay
|
| 200 |
1 |
|
|a Гоблины. Сизифов труд
|f А. Константинов
|
| 210 |
|
|
|a Москва
|c АСТ
|a СПб.
|c Астрель-СПб
|d 2011
|
| 215 |
|
|
|a 378 с.
|
| 225 |
1 |
|
|a Гоблины
|
| 330 |
|
|
|a За несколько месяцев службы Иоланта Прилепина вполне освоилась в шкуре "гоблина" — именно так шутливо именуют себя сотрудники недавно созданного подразделения по обеспечению безопасности лиц, подлежащих государственной защите. Прилепина успевает отличиться при раскрытии нескольких преступлений, после чего окончательно становится своей в пёстром и шебутном милицейском коллективе. А вот в личной жизни дела у неё идут не столь блестяще. Равно как и у заместителя начальника подразделения Андрея Мешечко. Неудивительно, что в какой-то момент двое "неудачников" предпринимают попытки сблизиться друг с другом. Между тем на горизонте "гоблинов" снова появляется неуловимый киллер Зеча. Он бросает Андрею и его команде откровенный вызов, совершив дерзкое покушение на охраняемый "гоблинами" объект в самом центре города и буквально на их глазах. Последовавшие за этим трагические события окончательно убеждают Мешечко в том, что в их подразделении завелся "крот". Более того, Андрей уже практически вычислил этого человека.
|
| 488 |
|
1 |
|0 (RuTPU)RU\TPU\book\223199
|y 978-5-17-070675-4
|t Гоблины. Жребий брошен
|f А. Константинов
|c М.
|n АСТ
|c СПб.
|n Астрель-СПб
|d 2010
|p 413 с.
|
| 488 |
|
1 |
|0 (RuTPU)RU\TPU\book\225953
|y 978-5-9725-1908-8
|t Гоблины. Сизифов труд
|f А. Константинов
|c М.
|n АСТ
|c СПб.
|n Астрель-СПб
|d 2011
|p 378 с.
|s Гоблины
|a Константинов, Андрей
|
| 488 |
|
|
|y 978-5-17-072345-4
|
| 488 |
|
|
|y 978-5-9725-1970-5
|
| 610 |
1 |
|
|a русская литература
|
| 610 |
1 |
|
|a детективы
|
| 610 |
1 |
|
|a приключения
|
| 675 |
|
|
|a Р2
|v 3
|
| 700 |
|
1 |
|a Константинов
|b А.
|g Андрей
|
| 801 |
|
1 |
|a RU
|b 63413507
|c 20120123
|
| 801 |
|
2 |
|a RU
|b 63413507
|c 20120126
|g RCR
|
| 942 |
|
|
|c BK
|